Branch induction (Record no. 54910)

MARC details
000 -LEADER
fixed length control field 00357nam a2200157Ia 4500
100 ## - MAIN ENTRY--AUTHOR NAME
Personal name Leong W
245 #0 - TITLE STATEMENT
Title Branch induction
260 ## - PUBLICATION, DISTRIBUTION, ETC. (IMPRINT)
Name of publisher Planters Bulletin
Year of publication 1985
300 ## - PHYSICAL DESCRIPTION
Number of Pages 80-90
650 ## - SUBJECT ADDED ENTRY--TOPICAL TERM
Topical Term Branch induction
650 ## - SUBJECT ADDED ENTRY--TOPICAL TERM
Topical Term Rubber
700 ## - ADDED ENTRY--PERSONAL NAME
Personal name Hafsah Jaafar
700 ## - ADDED ENTRY--PERSONAL NAME
Personal name Yoon P K
942 ## - ADDED ENTRY ELEMENTS (KOHA)
Koha item type Journals
Holdings
Withdrawn status Lost status Damaged status Not for loan Home library Current library Shelving location Date acquired Serial Enumeration / chronology Koha item type
      Journals RRII Library RRII Library Botany 17/12/2021 Volume 184, Issue Journals